[Event "Moscow City Team-ch"]
[Site "Moscow"]
[Date "2021.09.11"]
[Round "1"]
[White "Zadorozhy, Egor"]
[Black "Chibukhchyan, Erik"]
[Result "0-1"]
[WhiteElo "1641"]
[BlackElo "2215"]
[PlyCount "102"]
[EventDate "2021.09.11"]
[EventType "team-swiss"]
[EventRounds "7"]
[EventCountry "RUS"]
[SourceTitle "EXT 2022"]
[Source "ChessBase"]
[SourceDate "2021.10.06"]
[SourceVersion "1"]
[SourceVersionDate "2021.10.06"]
[SourceQuality "1"]

1. d4 Nf6 2. Bg5 e6 3. e4 h6 4. Bxf6 Qxf6 5. Nf3 d6 6. Bd3 Nd7 7. Nbd2 g6 8. 0-0 Bg7 9. c4 0-0 10. Rb1 e5 11. d5 a5 12. a3 a4 13. b4 axb3 14. Qxb3 Nc5 15. Qc3 Bd7 16. Bc2 Qe7 17. Ne1 f5 18. f3 f4 19. Nd3 Nxd3 20. Bxd3 b6 21. c5 bxc5 22. Bb5 Bc8 23. Bc6 Ra7 24. Rb8 g5 25. Rfb1 h5 26. Bb7 Bxb7 27. R1xb7 Rxb8 28. Rxb8+ Kh7 29. Nc4 g4 30. Rb1 Qg5 31. Kh1 Qg6 32. Qd3 Bf6 33. Qe2 Kh6 34. Rb8 Qg5 35. Rb3 Qh4 36. Rb1 Ra4 37. Qf1 Bg7 38. Qe2 Bf6 39. Qf1 Be7 40. Qe2 gxf3 41. gxf3 Qh3 42. Rc1 Bh4 43. Rf1 Bg3 44. Rc1 Bxh2 45. Qxh2 Qxf3+ 46. Qg2 Qg4 47. Kh2 Ra8 48. Qf2 f3 49. Qg3 Qxe4 50. Rg1 Rg8 51. Qxg8 Qh4# 0-1

[Event "Moscow op-A 16th"]
[Site "Moscow"]
[Date "2020.02.01"]
[Round "8"]
[White "Chibukhchyan, Erik"]
[Black "Sabirov, Timur"]
[Result "1/2-1/2"]
[WhiteElo "2233"]
[BlackElo "1962"]
[PlyCount "80"]
[EventDate "2020.01.25"]
[EventType "swiss"]
[EventRounds "9"]
[EventCountry "RUS"]
[SourceTitle "CBM 194 Extra"]
[Source "ChessBase"]
[SourceDate "2020.03.31"]
[SourceVersion "1"]
[SourceVersionDate "2020.03.31"]
[SourceQuality "1"]

1. e4 e6 2. d4 d5 3. e5 c5 4. f4 Nc6 5. Nf3 Qb6 6. c3 Nh6 7. Bd3 Bd7 8. 0-0 cxd4 9. cxd4 Nxd4 10. Nxd4 Qxd4+ 11. Kh1 Ng4 12. Qxg4 Qxd3 13. Rd1 h5 14. Qxe6+ fxe6 15. Rxd3 Rc8 16. Nc3 Bb4 17. f5 Bxc3 18. bxc3 exf5 19. Rxd5 Be6 20. Rd6 Kf7 21. Bb2 Rc5 22. Re1 Rhc8 23. Rd3 Ra5 24. a3 Rb5 25. Rd2 Rcc5 26. h3 Rxe5 27. Rxe5 Rxe5 28. Kg1 g5 29. Kf2 g4 30. hxg4 hxg4 31. g3 Rd5 32. Rxd5 Bxd5 33. Ke3 Ke6 34. Bc1 Be4 35. Kd4 Kd6 36. c4 a6 37. Bf4+ Kc6 38. Kc3 Kd7 39. Kb4 Kc6 40. Be3 Bf3 1/2-1/2

[Event "Moscow op-A 16th"]
[Site "Moscow"]
[Date "2020.01.30"]
[Round "6"]
[White "Chibukhchyan, Erik"]
[Black "Iljiushenok, Ilia"]
[Result "0-1"]
[WhiteElo "2233"]
[BlackElo "2519"]
[PlyCount "149"]
[EventDate "2020.01.25"]
[EventType "swiss"]
[EventRounds "9"]
[EventCountry "RUS"]
[SourceTitle "CBM 194 Extra"]
[Source "ChessBase"]
[SourceDate "2020.03.31"]
[SourceVersion "1"]
[SourceVersionDate "2020.03.31"]
[SourceQuality "1"]

1. c4 e6 2. d4 Nf6 3. Nc3 Bb4 4. Qc2 0-0 5. a3 Bxc3+ 6. Qxc3 b6 7. Bg5 c5 8. dxc5 bxc5 9. Nf3 Bb7 10. e3 d6 11. Bxf6 Qxf6 12. Qxf6 gxf6 13. 0-0-0 Rd8 14. b4 cxb4 15. axb4 Na6 16. b5 Nc5 17. Be2 Ne4 18. Rhf1 Nc3 19. Rd2 Rdc8 20. Bd3 Nxb5 21. Kb2 Nc7 22. Ra1 a6 23. Nd4 Ne8 24. e4 Ng7 25. g4 Rc5 26. Nb3 Rc7 27. f4 Kf8 28. h4 Ke7 29. Ra5 Rb8 30. Rc2 e5 31. f5 Ne8 32. Rc3 h6 33. Kc2 Rbc8 34. Kd2 Rc6 35. Ra3 Rb6 36. Na5 Ba8 37. Rcb3 Rcb8 38. Rxb6 Rxb6 39. Kc3 Rb8 40. Ra1 Nc7 41. Rg1 Rg8 42. h5 Kd7 43. Nb3 Bc6 44. Na5 Na8 45. c5 dxc5 46. Nb3 Kd6 47. Rd1 Ke7 48. Nxc5 Nc7 49. Be2 Nb5+ 50. Bxb5 Bxb5 51. Rg1 Rc8 52. Kb4 Be2 53. Ra1 Rc7 54. Ra2 Bxg4 55. Rxa6 Bxh5 56. Ra8 Be2 57. Ra2 Bg4 58. Ra8 Rc6 59. Na4 Be2 60. Nc3 Rc4+ 61. Kb3 Bd3 62. Nd5+ Kd6 63. Rd8+ Kc5 64. Nxf6 Bc2+ 65. Kb2 Bxe4 66. Nd7+ Kd6 67. Nb6+ Ke7 68. Nxc4 Kxd8 69. f6 Kd7 70. Nxe5+ Ke6 71. Ng4 h5 72. Nf2 Bg2 73. Kc3 h4 74. Kd4 h3 75. Ng4 0-1

[Event "Moscow op-A 16th"]
[Site "Moscow"]
[Date "2020.01.27"]
[Round "3"]
[White "Khegay, Dmitriy"]
[Black "Chibukhchyan, Erik"]
[Result "1-0"]
[WhiteElo "2533"]
[BlackElo "2233"]
[PlyCount "87"]
[EventDate "2020.01.25"]
[EventType "swiss"]
[EventRounds "9"]
[EventCountry "RUS"]
[SourceTitle "CBM 194 Extra"]
[Source "ChessBase"]
[SourceDate "2020.03.31"]
[SourceVersion "1"]
[SourceVersionDate "2020.03.31"]
[SourceQuality "1"]

1. e4 e5 2. Nf3 Nc6 3. Bb5 a6 4. Ba4 Nf6 5. 0-0 Be7 6. Re1 b5 7. Bb3 d6 8. c3 0-0 9. h3 Na5 10. Bc2 c5 11. d3 h6 12. Nbd2 Re8 13. Nf1 Bf8 14. Ng3 Nc6 15. d4 g6 16. Be3 exd4 17. cxd4 cxd4 18. Nxd4 Bb7 19. Qd2 Nxd4 20. Bxd4 Bg7 21. Rad1 Rc8 22. Bb3 Nd7 23. Qf4 Qe7 24. Bxg7 Kxg7 25. Rxd6 Ne5 26. Red1 Qg5 27. Qd2 Qxd2 28. R1xd2 Nc4 29. Bxc4 bxc4 30. f3 c3 31. bxc3 Rxc3 32. Ne2 Ra3 33. Nf4 Rc8 34. Rd7 Rc1+ 35. Kh2 Bc8 36. Ra7 g5 37. Nd3 Rcc3 38. Nb4 a5 39. Nd5 Rc1 40. Nc7 Rac3 41. Ne8+ Kg6 42. Rd6+ Be6 43. Rxe6+ fxe6 44. Rg7+ 1-0

[Event "EU-ch blitz"]
[Site "Tallinn"]
[Date "2019.12.07"]
[Round "3"]
[White "Chibukhchyan, Erik"]
[Black "Mamedov, Rauf"]
[Result "0-1"]
[WhiteElo "2230"]
[BlackElo "2670"]
[PlyCount "84"]
[EventDate "2019.12.07"]
[EventType "swiss (blitz)"]
[EventRounds "22"]
[EventCountry "EST"]
[SourceTitle "CBM 193 Extra"]
[Source "ChessBase"]
[SourceDate "2020.01.31"]
[SourceVersion "1"]
[SourceVersionDate "2020.01.31"]
[SourceQuality "1"]

1. c4 c5 2. Nf3 g6 3. g3 Bg7 4. Nc3 Nc6 5. Bg2 e6 6. 0-0 Nge7 7. d3 0-0 8. a3 d5 9. cxd5 Nxd5 10. Bd2 b6 11. Re1 Bb7 12. Rc1 Rc8 13. Qa4 Na5 14. Nxd5 Bxd5 15. Bxa5 bxa5 16. b3 Bc6 17. Qf4 Bd5 18. Qa4 Bh6 19. e3 Bg7 20. Red1 Bc6 21. Qf4 Qd5 22. Qc4 Bb2 23. Rc2 Bxa3 24. Nh4 Qxc4 25. dxc4 a4 26. Bxc6 axb3 27. Rc3 Rxc6 28. Rxb3 Bb4 29. Nf3 a5 30. Ne5 Rc7 31. Ra1 Rd8 32. Nd3 Kg7 33. Nb2 Rcd7 34. Na4 h5 35. Kg2 Rd2 36. Rab1 Rc2 37. R1b2 Rxc4 38. Nb6 Rc1 39. Ra2 g5 40. h3 g4 41. hxg4 hxg4 42. Na4 Rdd1 0-1

[Event "EU-ch blitz"]
[Site "Tallinn"]
[Date "2019.12.07"]
[Round "4"]
[White "Mamedov, Rauf"]
[Black "Chibukhchyan, Erik"]
[Result "1-0"]
[WhiteElo "2670"]
[BlackElo "2230"]
[PlyCount "75"]
[EventDate "2019.12.07"]
[EventType "swiss (blitz)"]
[EventRounds "22"]
[EventCountry "EST"]
[SourceTitle "CBM 193 Extra"]
[Source "ChessBase"]
[SourceDate "2020.01.31"]
[SourceVersion "1"]
[SourceVersionDate "2020.01.31"]
[SourceQuality "1"]

1. e4 e5 2. Nc3 Nc6 3. Nf3 Nf6 4. Bb5 Bb4 5. 0-0 Bxc3 6. bxc3 d6 7. d3 Bd7 8. Rb1 h6 9. Re1 0-0 10. h3 Rb8 11. d4 Re8 12. Bd3 a6 13. Bb2 b5 14. c4 exd4 15. cxb5 axb5 16. Nxd4 Ne5 17. Bf1 Nc4 18. Ba1 c5 19. Nf5 Bxf5 20. exf5 Rxe1 21. Qxe1 d5 22. Rd1 Rb6 23. a4 Rd6 24. axb5 Na3 25. Qc3 Nc4 26. Qg3 Nb6 27. Be5 Rd7 28. Ra1 Kh7 29. Ra6 d4 30. Qf3 Nbd5 31. Bc4 Nb4 32. Ra8 Qe7 33. Qe2 Nxc2 34. b6 d3 35. Bxd3 Nb4 36. Bb5 Rb7 37. Bxf6 Qxf6 38. Qe8 1-0

[Event "EU-ch rapid"]
[Site "Tallinn"]
[Date "2019.12.06"]
[Round "8"]
[White "Chibukhchyan, Erik"]
[Black "Papasimakopoulos, Alexandros"]
[Result "1-0"]
[WhiteElo "2211"]
[BlackElo "2399"]
[PlyCount "77"]
[EventDate "2019.12.05"]
[EventType "swiss"]
[EventRounds "13"]
[EventCountry "EST"]
[SourceTitle "CBM 193 Extra"]
[Source "ChessBase"]
[SourceDate "2020.01.31"]
[SourceVersion "1"]
[SourceVersionDate "2020.01.31"]
[SourceQuality "1"]

1. d4 Nf6 2. c4 e6 3. Nf3 Bb4+ 4. Nbd2 b6 5. a3 Bxd2+ 6. Bxd2 Bb7 7. g3 0-0 8. Bg2 d6 9. 0-0 Nbd7 10. b4 Qe7 11. Bc3 Be4 12. Re1 d5 13. Qb3 a6 14. a4 c5 15. dxc5 bxc5 16. b5 a5 17. cxd5 exd5 18. Qa3 Rfe8 19. Rac1 d4 20. Ba1 Nd5 21. Nd2 Bxg2 22. Kxg2 Nb4 23. Nc4 Nc2 24. Rxc2 Qe4+ 25. Qf3 Qxc2 26. Nd6 Ne5 27. Qf4 Re7 28. b6 Qxa4 29. b7 Qc6+ 30. f3 Rb8 31. Nf5 Re6 32. Bxd4 cxd4 33. Nxd4 Qd5 34. Nxe6 fxe6 35. Rc1 Qxb7 36. Qxe5 Qb4 37. Qxe6+ Kf8 38. Rc7 Rb7 39. Qf7# 1-0

[Event "EU-ch rapid"]
[Site "Tallinn"]
[Date "2019.12.05"]
[Round "6"]
[White "Aleksandrov, Aleksej"]
[Black "Chibukhchyan, Erik"]
[Result "1-0"]
[WhiteElo "2576"]
[BlackElo "2211"]
[PlyCount "75"]
[EventDate "2019.12.05"]
[EventType "swiss"]
[EventRounds "13"]
[EventCountry "EST"]
[SourceTitle "CBM 193 Extra"]
[Source "ChessBase"]
[SourceDate "2020.01.31"]
[SourceVersion "1"]
[SourceVersionDate "2020.01.31"]
[SourceQuality "1"]

1. d4 Nf6 2. c4 e6 3. Nc3 Bb4 4. e3 b6 5. Nge2 Ba6 6. Qa4 c5 7. a3 Bxc3+ 8. Nxc3 0-0 9. dxc5 bxc5 10. Be2 d5 11. 0-0 Qb6 12. cxd5 Bxe2 13. Nxe2 exd5 14. b4 c4 15. Bb2 Nbd7 16. Rfd1 Nc5 17. Qc2 Nd3 18. Bd4 Qe6 19. Rab1 Ng4 20. Rf1 Rfe8 21. h3 Nh6 22. Ng3 Nf5 23. Nxf5 Qxf5 24. b5 Re6 25. Kh2 Rg6 26. f4 h5 27. a4 h4 28. a5 Rg3 29. b6 axb6 30. axb6 Rb8 31. Rb5 Qe4 32. b7 Rxe3 33. Bxe3 Qxe3 34. Rxd5 Qg3+ 35. Kh1 Nxf4 36. Rc5 Re8 37. Rc8 Qe3 38. b8Q 1-0

[Event "EU-ch rapid"]
[Site "Tallinn"]
[Date "2019.12.05"]
[Round "2"]
[White "Chibukhchyan, Erik"]
[Black "Mamedov, Rauf"]
[Result "0-1"]
[WhiteElo "2211"]
[BlackElo "2679"]
[PlyCount "78"]
[EventDate "2019.12.05"]
[EventType "swiss"]
[EventRounds "13"]
[EventCountry "EST"]
[SourceTitle "CBM 193 Extra"]
[Source "ChessBase"]
[SourceDate "2020.01.31"]
[SourceVersion "1"]
[SourceVersionDate "2020.01.31"]
[SourceQuality "1"]

1. e4 c5 2. Nf3 Nc6 3. d4 cxd4 4. Nxd4 g6 5. c4 Nf6 6. Nc3 d6 7. Be2 Nxd4 8. Qxd4 Bg7 9. Be3 0-0 10. Qd2 a5 11. f3 a4 12. Rc1 Be6 13. Nb5 Nd7 14. 0-0 Qa5 15. Rfd1 Rfc8 16. Qxa5 Rxa5 17. Bd2 Raa8 18. Rc2 Ne5 19. Na3 f5 20. Rdc1 fxe4 21. fxe4 Nc6 22. Bc3 Nd4 23. Bxd4 Bxd4+ 24. Kh1 Ra5 25. Nb5 Be3 26. Nc3 Bxc1 27. Rxc1 Kg7 28. Rd1 Bxc4 29. Bg4 Rf8 30. Bf3 a3 31. b3 Be6 32. h4 Rc5 33. Rd3 Rfc8 34. Ne2 Ra5 35. Kh2 Bf7 36. Nd4 h5 37. Kg3 e5 38. Ne2 Rc2 39. Nc3 Bxb3 0-1

[Event "Heart of Finland op 29th"]
[Site "Jyvaskyla"]
[Date "2019.07.16"]
[Round "2"]
[White "Chibukhchyan, Erik"]
[Black "Kivimaki, Kasper"]
[Result "1/2-1/2"]
[WhiteElo "2170"]
[BlackElo "1986"]
[PlyCount "95"]
[EventDate "2019.07.15"]
[EventType "swiss"]
[EventRounds "9"]
[EventCountry "FIN"]
[SourceTitle "EXT 2021"]
[Source "ChessBase"]
[SourceDate "2020.10.23"]
[SourceVersion "1"]
[SourceVersionDate "2020.10.23"]
[SourceQuality "1"]

1. e4 c6 2. d4 d5 3. Nd2 dxe4 4. Nxe4 Bf5 5. Nc5 b6 6. Nb3 Nf6 7. Nf3 e6 8. g3 Bd6 9. Bg2 Qc7 10. 0-0 h6 11. Qe2 Nbd7 12. Re1 Rd8 13. Ne5 c5 14. Nc4 0-0 15. Nxd6 Qxd6 16. Bf4 Qe7 17. c4 Rfe8 18. h3 Bg6 19. Red1 cxd4 20. Nxd4 Nc5 21. Nc6 Rxd1+ 22. Rxd1 Qb7 23. Ne5 Be4 24. f3 Bh7 25. b4 Ncd7 26. Nxd7 Nxd7 27. Qd2 Nf8 28. c5 e5 29. Be3 Ne6 30. Qd6 bxc5 31. bxc5 Bc2 32. Rc1 Ba4 33. c6 Qa6 34. Qa3 Nd4 35. Bxd4 exd4 36. Bf1 d3 37. Bxd3 Qb6+ 38. Kg2 Bxc6 39. Qc5 Rd8 40. Qxb6 axb6 41. Rc3 Rd6 42. Kf2 Kf8 43. f4 Ke7 44. a3 Bd7 45. g4 h5 46. Be2 hxg4 47. hxg4 Rh6 48. g5 1/2-1/2

[Event "Riga RTU rapid op"]
[Site "Riga"]
[Date "2019.07.04"]
[Round "8"]
[White "Chibukhchyan, Erik"]
[Black "Nair, Sanjeev"]
[Result "1-0"]
[WhiteElo "2231"]
[BlackElo "1841"]
[PlyCount "81"]
[EventDate "2019.07.04"]
[EventType "swiss (rapid)"]
[EventRounds "9"]
[EventCountry "LAT"]
[SourceTitle "EXT 2020"]
[Source "ChessBase"]
[SourceDate "2019.10.17"]
[SourceVersion "1"]
[SourceVersionDate "2019.10.17"]
[SourceQuality "1"]

1. e4 c5 2. Nf3 d6 3. d4 cxd4 4. Nxd4 Nf6 5. f3 e5 6. Nb3 Be6 7. c4 a5 8. Be3 a4 9. N3d2 Be7 10. Na3 0-0 11. Be2 Qa5 12. 0-0 Bd8 13. Kh1 Bb6 14. c5 Bxc5 15. Ndc4 Bxc4 16. Nxc4 Qc7 17. Bxc5 dxc5 18. Qd6 Qxd6 19. Nxd6 Nc6 20. Nxb7 Rfb8 21. Nxc5 Rxb2 22. Bc4 Rc8 23. Nd3 Rc2 24. Rac1 Rxc1 25. Rxc1 Rd8 26. Kg1 Kf8 27. Kf2 Ke7 28. Ke3 Rb8 29. Bxf7 Kd6 30. Rd1 Ke7 31. Bc4 Nd7 32. Rc1 Kf6 33. Bd5 Ne7 34. Bc6 Nb6 35. Rc5 Ng6 36. Bb5 Rb7 37. g3 h5 38. h4 Nd7 39. Bxd7 Rxd7 40. Rc6+ Kf7 41. Rxg6 1-0

[Event "Riga RTU rapid op"]
[Site "Riga"]
[Date "2019.07.04"]
[Round "6"]
[White "Chibukhchyan, Erik"]
[Black "Shailesh, Dravid"]
[Result "1/2-1/2"]
[WhiteElo "2231"]
[BlackElo "2134"]
[PlyCount "306"]
[EventDate "2019.07.04"]
[EventType "swiss (rapid)"]
[EventRounds "9"]
[EventCountry "LAT"]
[SourceTitle "EXT 2020"]
[Source "ChessBase"]
[SourceDate "2019.10.17"]
[SourceVersion "1"]
[SourceVersionDate "2019.10.17"]
[SourceQuality "1"]

1. e4 c5 2. Nf3 d6 3. d4 Nf6 4. Nc3 cxd4 5. Qxd4 Nc6 6. Bb5 Bd7 7. Bxc6 Bxc6 8. 0-0 e6 9. Bg5 Be7 10. Rfd1 0-0 11. a4 h6 12. Bh4 a6 13. a5 Qc7 14. Bg3 Rfd8 15. Nd2 e5 16. Qe3 Bd7 17. Nf1 Be6 18. Qe2 b6 19. Ne3 bxa5 20. Ned5 Nxd5 21. Nxd5 Bxd5 22. Rxd5 Rab8 23. c3 Qb6 24. Ra2 a4 25. Qc4 a3 26. b4 Rdc8 27. Qd3 Qc6 28. Rxa3 Rxb4 29. h4 Rc4 30. Rda5 Qxe4 31. Qxe4 Rxe4 32. Rxa6 f5 33. Ra7 Bf8 34. h5 Rec4 35. Rd7 Rxc3 36. Raa7 f4 37. Bh4 Re8 38. f3 Rd3 39. Kh2 Rd2 40. Kh3 d5 41. Be1 Rd1 42. Bb4 Rh1+ 43. Kg4 Rh2 44. g3 Rg2 45. Be1 Kh8 46. Rxd5 fxg3 47. Bxg3 e4 48. fxe4 Rxe4+ 49. Kf3 Rge2 50. Ra8 R2e3+ 51. Kf2 Re2+ 52. Kf1 Re8 53. Rdd8 Rxd8 54. Rxd8 Ra2 55. Rxf8+ Kh7 56. Rf5 Rb2 57. Bf2 Ra2 58. Kg2 Ra6 59. Bd4 Rd6 60. Be5 Re6 61. Bd4 Kg8 62. Kg3 g5 63. hxg6 Rxg6+ 64. Kh4 Rg5 65. Rf6 Kh7 66. Be3 Rg6 67. Rf7+ Rg7 68. Rf6 Rg6 69. Rf5 Re6 70. Bf4 Kg6 71. Rc5 Re4 72. Kg3 Re6 73. Kg4 Ra6 74. Rh5 Kg7 75. Be5+ Kg6 76. Bf4 Ra4 77. Rxh6+ Kg7 78. Rc6 Ra5 79. Bg5 Kf7 80. Rf6+ Kg7 81. Rb6 Kf7 82. Bf4 Rc5 83. Kf3 Rc4 84. Be5 Ra4 85. Ke3 Ke7 86. Bd4 Kd7 87. Ke4 Ra5 88. Be5 Ra2 89. Kd5 Ra5+ 90. Ke4 Ra2 91. Bd4 Ra5 92. Rg6 Ke7 93. Be5 Ra2 94. Kf5 Kd7 95. Rd6+ Ke7 96. Rh6 Kd7 97. Ke4 Ra4+ 98. Bd4 Ra5 99. Kd3 Rf5 100. Ke4 Ra5 101. Rh7+ Ke6 102. Rb7 Rh5 103. Rb6+ Ke7 104. Be5 Rh1 105. Bf6+ Kf7 106. Bg5 Re1+ 107. Kf5 Rf1+ 108. Bf4 Ke7 109. Rb7+ Kd8 110. Kg5 Kc8 111. Rc7+ Kd8 112. Rf7 Ke8 113. Kg6 Rg1+ 114. Kf6 Rf1 115. Re7+ Kd8 116. Re4 Kd7 117. Rc4 Rf2 118. Kf5 Rf1 119. Rc7+ Kd8 120. Rc4 Kd7 121. Kf6 Rf2 122. Ke5 Re2+ 123. Kd5 Rf2 124. Be5 Rd2+ 125. Bd4 Rh2 126. Ra4 Rd2 127. Ra7+ Kd8 128. Kc5 Ke8 129. Kd5 Kd8 130. Ke5 Kc8 131. Ra4 Kb7 132. Kd6 Rd1 133. Rb4+ Kc8 134. Kc6 Rh1 135. Bc5 Rh7 136. Bd6 Rc7+ 137. Kd5 Rb7 138. Rh4 Rg7 139. Rh8+ Kd7 140. Be5 Rg1 141. Rh7+ Kd8 142. Bd6 Rd1+ 143. Kc6 Rc1+ 144. Bc5 Ke8 145. Re7+ Kd8 146. Rf7 Re1 147. Rf8+ Re8 148. Rf6 Re1 149. Rf8+ Re8 150. Rf7 Re1 151. Rf8+ Re8 152. Rf1 Re2 153. Rf8+ Re8 1/2-1/2

[Event "Riga RTU rapid op"]
[Site "Riga"]
[Date "2019.07.04"]
[Round "1"]
[White "Chibukhchyan, Erik"]
[Black "Vainermanas, Berelis"]
[Result "1-0"]
[WhiteElo "2231"]
[BlackElo "1629"]
[PlyCount "63"]
[EventDate "2019.07.04"]
[EventType "swiss (rapid)"]
[EventRounds "9"]
[EventCountry "LAT"]
[SourceTitle "EXT 2020"]
[Source "ChessBase"]
[SourceDate "2019.10.17"]
[SourceVersion "1"]
[SourceVersionDate "2019.10.17"]
[SourceQuality "1"]

1. e4 c5 2. Nf3 g6 3. d4 cxd4 4. Nxd4 Nc6 5. c4 Nf6 6. Nc3 d6 7. Be2 Nxd4 8. Qxd4 Bg7 9. 0-0 0-0 10. Qd3 Be6 11. Be3 Qa5 12. f3 Rfc8 13. b3 a6 14. a4 Nd7 15. Rfc1 Nc5 16. Qc2 Qc7 17. Rab1 f5 18. Nd5 Bxd5 19. exd5 Nd7 20. f4 Nf6 21. Qd3 Ne4 22. Bf3 Nc5 23. Qd2 Re8 24. a5 e5 25. dxe6 Nxe6 26. Bd5 Kh8 27. b4 Qe7 28. Re1 Rab8 29. Ba7 Ra8 30. Rxe6 Qd7 31. Rxe8+ Qxe8 32. Bd4 1-0

[Event "Moscow op-A 15th"]
[Site "Moscow"]
[Date "2019.02.02"]
[Round "8"]
[White "Loshkarev, Dmitri"]
[Black "Chibukhchyan, Erik"]
[Result "0-1"]
[WhiteElo "2057"]
[BlackElo "2206"]
[PlyCount "70"]
[EventDate "2019.01.26"]
[EventType "swiss"]
[EventRounds "9"]
[EventCountry "RUS"]
[SourceTitle "CBM 188 Extra"]
[Source "ChessBase"]
[SourceDate "2019.02.26"]
[SourceVersion "1"]
[SourceVersionDate "2019.02.26"]
[SourceQuality "1"]

1. e4 e6 2. d4 d5 3. Nc3 Nf6 4. Bg5 Bb4 5. e5 h6 6. Bd2 Bxc3 7. bxc3 Ne4 8. Qg4 Kf8 9. h4 c5 10. Bd3 Nxd2 11. Kxd2 Qa5 12. Rh3 cxd4 13. Rg3 Qxc3+ 14. Ke2 Rg8 15. Bh7 d3+ 16. Rxd3 Qxe5+ 17. Re3 Qxa1 18. Qb4+ Ke8 19. Bxg8 Nc6 20. Qa3 Nd4+ 21. Kd2 Qxg1 22. Qa4+ Nc6 23. Qf4 f6 24. Qg3 Kf8 25. Bxe6 Bxe6 26. Re1 Qxe1+ 27. Kxe1 Ne5 28. f4 Nc4 29. Qf2 b6 30. f5 Bf7 31. Qf4 Re8+ 32. Kf2 Re5 33. g4 a5 34. g5 hxg5 35. hxg5 Nd6 0-1

[Event "Moscow op-A 15th"]
[Site "Moscow"]
[Date "2019.01.31"]
[Round "6"]
[White "Atakishiyev, Elmar"]
[Black "Chibukhchyan, Erik"]
[Result "1/2-1/2"]
[WhiteElo "2043"]
[BlackElo "2206"]
[PlyCount "177"]
[EventDate "2019.01.26"]
[EventType "swiss"]
[EventRounds "9"]
[EventCountry "RUS"]
[SourceTitle "CBM 188 Extra"]
[Source "ChessBase"]
[SourceDate "2019.02.26"]
[SourceVersion "1"]
[SourceVersionDate "2019.02.26"]
[SourceQuality "1"]

1. d4 Nf6 2. c4 g6 3. Nc3 Bg7 4. e4 d6 5. f4 0-0 6. Nf3 c5 7. d5 e6 8. Be2 exd5 9. cxd5 Bg4 10. e5 dxe5 11. fxe5 Nfd7 12. e6 Bxf3 13. Bxf3 Ne5 14. 0-0 fxe6 15. Be4 Rxf1+ 16. Qxf1 Kh8 17. Bf4 exd5 18. Bxd5 Nbc6 19. Kh1 Qe7 20. Bxc6 Nxc6 21. Re1 Qf7 22. g3 b6 23. Qg2 Rc8 24. Ne4 Qe6 25. Rf1 Nd4 26. Ng5 Qc6 27. Qxc6 Nxc6 28. b3 Re8 29. Nf7+ Kg8 30. Nh6+ Bxh6 31. Bxh6 Ne5 32. Bf4 Nd3 33. Kg1 Rf8 34. Bd2 Rxf1+ 35. Kxf1 Kf7 36. Ke2 Ne5 37. h3 Ke6 38. Ke3 Kd5 39. Kf4 h6 40. Ke3 Nc6 41. Kd3 h5 42. Ke3 Ke5 43. Kd3 b5 44. Be3 Kd5 45. Bd2 c4+ 46. bxc4+ bxc4+ 47. Ke3 Nd4 48. Bc3 Ne6 49. Bf6 a6 50. g4 hxg4 51. hxg4 Nc5 52. Bc3 Ne4 53. Bg7 Nc5 54. Bc3 Nd3 55. Bg7 Nb4 56. a4 Nd3 57. Bf6 Nc5 58. a5 Ne4 59. Bg7 Nc5 60. Bf6 Na4 61. Be7 Nc3 62. Bf6 Nb5 63. Bg7 Nc7 64. Bf8 Ne6 65. Ba3 Ng5 66. Bf8 Ne4 67. Bg7 c3 68. Kd3 Nf2+ 69. Kxc3 Nxg4 70. Kd3 Ne5+ 71. Ke3 Nc4+ 72. Kf4 Nxa5 73. Kg5 Nc6 74. Kxg6 a5 75. Kf5 Nd4+ 76. Kg4 a4 77. Bf8 Kc4 78. Kg3 Ne6 79. Be7 Nc5 80. Kf3 a3 81. Ke2 a2 82. Bf6 Ne6 83. Ba1 Kb3 84. Kd2 Nc5 85. Kc1 Nd3+ 86. Kd2 Nb4 87. Kc1 Nc2 88. Bg7 a1N 89. Bxa1 1/2-1/2

[Event "Moscow-chT"]
[Site "Moscow"]
[Date "2018.09.29"]
[Round "6.3"]
[White "Chibukhchyan, Erik"]
[Black "Okun, Evgeny"]
[Result "1/2-1/2"]
[WhiteElo "2264"]
[BlackElo "2163"]
[PlyCount "134"]
[EventDate "2018.09.20"]
[EventType "team-swiss"]
[EventRounds "7"]
[EventCountry "RUS"]
[SourceTitle "CBM 186 Extra"]
[Source "ChessBase"]
[SourceDate "2018.08.24"]
[SourceVersion "1"]
[SourceVersionDate "2018.08.24"]
[SourceQuality "1"]
[WhiteTeam "Botvinnik Chess School"]
[BlackTeam "MGU"]
[WhiteTeamCountry "RUS"]
[BlackTeamCountry "RUS"]

1. d4 d6 2. c4 f5 3. g3 Nf6 4. Bg2 g6 5. Nc3 Bg7 6. d5 0-0 7. Nh3 c6 8. Nf4 e5 9. dxe6 Qe7 10. h4 Bxe6 11. h5 Nxh5 12. Nxh5 gxh5 13. Rxh5 Bxc4 14. Bh6 Bxh6 15. Rxh6 Rf6 16. Rh4 Bf7 17. Qd2 Na6 18. 0-0-0 Bg6 19. e3 Nc5 20. Qd4 a5 21. Ne2 Qe5 22. Nf4 Re8 23. Bf3 Qxd4 24. Rxd4 d5 25. Rd1 Re7 26. Rdh1 Ne6 27. a3 Nxf4 28. Rxf4 Kg7 29. b4 axb4 30. axb4 Rd6 31. Kb2 b6 32. Rc1 Rc7 33. Rd4 Bf7 34. Rf4 Bg6 35. Rd4 Bf7 36. Rf4 Be6 37. Rh4 c5 38. Rch1 Bg8 39. Rh5 cxb4 40. Rg5+ Kh8 41. Rxf5 d4 42. exd4 Rxd4 43. Rd1 Rcd7 44. Kc1 Rc7+ 45. Kb2 Rcd7 46. Kc1 Rxd1+ 47. Bxd1 Rf7 48. Rb5 Rxf2 49. Rxb6 Rg2 50. g4 b3 51. Bxb3 Bxb3 52. Rxb3 Rxg4 53. Kd2 Kg7 54. Ke2 Kf6 55. Kf2 Kf5 56. Rf3+ Ke4 57. Re3+ Kd4 58. Rg3 Rf4+ 59. Rf3 Re4 60. Rh3 Rf4+ 61. Rf3 Rh4 62. Kg3 Rh6 63. Kg2 Ke4 64. Rf7 Rg6+ 65. Kh3 h6 66. Kh2 h5 67. Rf8 Rg5 1/2-1/2

[Event "Moscow op-A 14th"]
[Site "Moscow"]
[Date "2018.02.02"]
[Round "7"]
[White "Chibukhchyan, Erik"]
[Black "Kesidis, Odyseas"]
[Result "1/2-1/2"]
[WhiteElo "2121"]
[BlackElo "2244"]
[PlyCount "73"]
[EventDate "2018.01.27"]
[EventType "swiss"]
[EventRounds "9"]
[EventCountry "RUS"]
[SourceTitle "CBM 182 Extra"]
[Source "ChessBase"]
[SourceDate "2018.02.23"]
[SourceVersion "1"]
[SourceVersionDate "2018.02.23"]
[SourceQuality "1"]

1. e4 e5 2. Nf3 Nc6 3. Bb5 a6 4. Bxc6 dxc6 5. 0-0 f6 6. d4 exd4 7. Nxd4 c5 8. Nb3 Qxd1 9. Rxd1 Bd7 10. Bf4 0-0-0 11. Nc3 Be6 12. Rxd8+ Kxd8 13. Rd1+ Kc8 14. Nd5 Bxd5 15. Rxd5 b6 16. h4 Ne7 17. Rd1 Nc6 18. c3 Be7 19. h5 g5 20. hxg6 hxg6 21. Bg3 Bf8 22. Nc1 Bh6 23. Ne2 Re8 24. e5 Nxe5 25. Bxe5 Rxe5 26. Kf1 c4 27. Nd4 Kb7 28. g3 f5 29. Rb1 b5 30. Nf3 Rd5 31. Re1 Rd3 32. Ke2 Rd6 33. Rh1 Bg7 34. Rh7 Bf6 35. Rh6 Bg7 36. Rh7 Bf6 37. Rh6 1/2-1/2